| 000 | 00456nam a22001697a 4500 | ||
|---|---|---|---|
| 003 | NUST - PNEC | ||
| 005 | 20170116180822.0 | ||
| 008 | 150622b xxu||||| |||| 00| 0 eng d | ||
| 040 | _cLIBRARY | ||
| 082 | _a297 NIC | ||
| 100 |
_94157 _aNicholson, Reynold A. |
||
| 245 |
_aMystics of Islam _cReynold A. Nicholson |
||
| 260 |
_aLondon: _bRoutledge and Kegan Paul Ltd., _c1966. |
||
| 300 |
_avarious pagings: _c22 cm. |
||
| 650 | _xIslam | ||
| 942 |
_2ddc _cBK |
||
| 999 |
_c63764 _d63764 |
||